000 00880nam a22002537a 4500
005 2009082000120.0
008 090312t xxu||||| |||| 00| 0 eng d
010 _aENG-94757
020 _c395.00
_a9780070141599
020 _c395.00
_a0070141592
035 _aEN-78290
037 _bDBAD / PUB
040 _adpl
_bEnglish
082 _a581.012
100 _aSharma, O.P.
245 _aPlant taxonomy /
_cby O.P. Sharma
250 _a2nd ed.
260 _aNew Delhi
_bTata McGraw-Hill Education
_c2009
270 _a7 West Patel Nagar,
_bNew Delhi
_e110008
300 _axxii, 564p. :
_c25cm(pbk)
_bill.
500 _aIncludes index
942 _2ddc
_cEN
_mSHA
_h581.012
999 _c29322
_d29322